[Event "Lovfalds EMT 18th E"]
[Site "Ringsted"]
[Date "2004.09.19"]
[Round "7"]
[White "Christensen, Simon"]
[Black "Haubro, Martin"]
[Result "1/2-1/2"]
[WhiteElo "1000"]
[BlackElo "1135"]
[PlyCount "109"]
[EventDate "2004.09.17"]
[EventType "swiss"]
[EventRounds "7"]
[EventCountry "DEN"]
[SourceTitle "EXT 2023"]
[Source "ChessBase"]
[SourceDate "2022.10.05"]
[SourceVersion "1"]
[SourceVersionDate "2022.10.05"]
[SourceQuality "1"]

1. d4 f5 2. Nf3 Nf6 3. Bf4 e6 4. e3 d5 5. Nbd2 Bd6 6. Ne5 0-0 7. Bd3 Ne4 8. Nxe4 fxe4 9. Be2 Nd7 10. c3 Qf6 11. Ng4 Qf5 12. Bxd6 cxd6 13. 0-0 Qg5 14. h3 Nb6 15. f3 h5 16. Nh2 e5 17. dxe5 Bxh3 18. Rf2 exf3 19. Bxf3 dxe5 20. Kh1 e4 21. gxh3 exf3 22. Nxf3 Qxe3 23. Qe1 Nc4 24. Qxe3 Nxe3 25. Re1 Nc4 26. Ree2 Rf4 27. b3 Nb6 28. Ng5 Rxf2 29. Rxf2 g6 30. Rf7 Rb8 31. Rf6 Kg7 32. Rd6 Rc8 33. Ne6+ Kf6 34. Nc5+ Ke5 35. Nxb7 Rxc3 36. Rxg6 Rc1+ 37. Kg2 Rc2+ 38. Kg3 Rxa2 39. Rg5+ Kd4 40. Rxh5 Ra3 41. Rh4+ Kc3 42. Nc5 d4 43. Ne4+ Kxb3 44. Nd2+ Kc3 45. Ne4+ Kc2+ 46. Kg2 d3 47. Rf4 Ra4 48. Rf2+ Kc1 49. Rf1+ Kc2 50. Rf2+ Kb3 51. Nc5+ Kc3 52. Nxa4+ Nxa4 53. Rf8 d2 54. Rc8+ Kb2 55. Rb8+ 1/2-1/2